Normale Ansicht MARC-Ansicht ISBD

Börsenblatt für den Deutschen Buchhandel: (Titelsatznr. 372020)

[ MARC ]
MARC-Details
000 -Satzkennung
Kontrollfeld mit fester Länge 00582nam a2200145 4500
008 - Feld mit fester Länge zur physischen Beschreibung - Allgemeine Angaben
Kontrollfeld mit fester Länge 221207b ||||| |||| 00| 0 eng d
040 ## - Katalogisierungsquelle
Original-Katalogisierungsstelle DE-2950
Übertragungsstelle DE-2950
245 ## - Titel
Titel Börsenblatt für den Deutschen Buchhandel:
Zusatz zum Titel Sondernummer 100a vom 16. Dezember 1957 ; Archiv für Geschichte des Buchwesens (VII)
260 ## - Publikation, Vertrieb usw. (Erscheinungsvermerk)
Erscheinungsort, Vertriebsort etc. Frankfurt a. M.:
Name des Verlags, des Vertriebs etc. Buchhändler-Vereinigung,
Date of publication, distribution, etc 1957
300 ## - Physische Beschreibung
Umfang S. 1517 - 1628.
505 ## - Fußnote zu strukturierten Inhaltsangaben
Fußnote zu strukturierten Inhaltsangaben Darin: Brilling, Bernhard: Jüdische Buchdruckerfamilien in Frankfurt a. d. Oder. S. 1537 - 1548.
653 ## - Indexierungsterm - Nicht normiert
Nicht-normierter Term Frankfurt (Oder)
653 ## - Indexierungsterm - Nicht normiert
Nicht-normierter Term Buchdruck
942 ## - Zusätzliche Felder (Koha)
Klassifikation oder Aufstellungssystematik Andere/Generische Klassifikation
Koha-Medientyp Bücher
Exemplare
Ausgeschieden Verloren Klassifikation oder Aufstellungssystematik Beschädigt Nicht entleihbar Permanenter Standort Aktueller Standort Aufstellungsort Erwerbungsdatum Lieferant Anzahl Ausleihen Signatur Letzte Aktivität Exemplarnummer Preis gültig von Medientyp
    Andere/Generische Klassifikation     Stadtarchiv Frankfurt (Oder) | Archivbibliothek Stadtarchiv Frankfurt (Oder) | Archivbibliothek Magazin 07/12/2022 Nachlass Hensch   IV: 1576 07/12/2022 124/2022 07/12/2022 Bücher